000 00308 a2200085 4500
082 _a363.125 FTA
245 _aRecommended Best Practices for States Conducting Three Year safety Reviews /
_cFederal Transit Administration
260 _aWashington :
_bFederal Transit Administration,
_c2009
300 _a54p. :
_bill. ;
_c30 cm
650 _aSafety
999 _c2207
_d2207